Complete book of pottery making (Record no. 4339)
[ view plain ]
| 000 -LEADER | |
|---|---|
| fixed length control field | 00339cam a2200145ua 4500 |
| 041 ## - LANGUAGE CODE | |
| Language code of text/sound track or separate title | eng |
| 082 ## - DEWEY DECIMAL CLASSIFICATION NUMBER | |
| Classification number | 666.3 |
| Item number | KEN/Co |
| 100 ## - MAIN ENTRY--AUTHOR NAME | |
| Personal name | Kenny, John B . |
| 245 ## - TITLE STATEMENT | |
| Title | Complete book of pottery making |
| 260 ## - PUBLICATION, DISTRIBUTION, ETC. (IMPRINT) | |
| Place of publication | London : |
| Name of publisher | Sir Isaac Pitman & Sons Ltd , |
| Year of publication | 1968. |
| 300 ## - PHYSICAL DESCRIPTION | |
| Number of Pages | 242 ; . |
| 942 ## - ADDED ENTRY ELEMENTS (KOHA) | |
| Koha item type | Books |
| Withdrawn status | Lost status | Damaged status | Home library | Current library | Date acquired | Full call number | Accession Number | Koha item type |
|---|---|---|---|---|---|---|---|---|
| KAUAET | KAUAET | 07/04/2012 | 666.3 | 12628 | Books |
